Política cambiaria y monetaria despues del colapso de la convertibilidad (Registro nro. 15022)
[ vista simple ]
| 000 -LEADER | |
|---|---|
| fixed length control field | 00380 a2200121 4500 |
| 001 - CONTROL NUMBER | |
| control field | ART_6961 |
| 005 - DATE AND TIME OF LATEST TRANSACTION | |
| control field | 20260410161659.0 |
| 008 - FIXED-LENGTH DATA ELEMENTS--GENERAL INFORMATION | |
| fixed length control field | 260409a |
| 100 1# - MAIN ENTRY--PERSONAL NAME | |
| Personal name | Frenkel, Roberto |
| 245 10 - TITLE STATEMENT | |
| Title | Política cambiaria y monetaria despues del colapso de la convertibilidad |
| 700 1# - ADDED ENTRY--PERSONAL NAME | |
| Personal name | Rapetti, Martín |
| 773 0# - HOST ITEM ENTRY | |
| Title | Ensayos Económicos |
| Related parts | - Nº 46 (ene. 2007) |
| Record control number | REV620 |
No hay ítems disponibles.